Utilización y manejo de pastizales
Guardat en:
| Autor principal: | |
|---|---|
| Format: | Llibre |
| Idioma: | espanyol |
| Publicat: |
Montevideo
IICA
1994
|
| Col·lecció: | Diálogo, 40
|
| Matèries: | |
| Etiquetes: |
Afegir etiqueta
Sense etiquetes, Sigues el primer a etiquetar aquest registre!
|
MARC
| LEADER | 00000nam a2200000 a 4500 | ||
|---|---|---|---|
| 001 | UCQ3975 | ||
| 003 | CL-VaPUC | ||
| 008 | 980829e19940000UY |||||||||||||||||spa|d | ||
| 082 | 0 | 4 | |a 633.2 |b PUI |2 21 |
| 100 | 0 | |a Puignau, Juan P |e author |9 418164 | |
| 245 | 1 | 0 | |a Utilización y manejo de pastizales |
| 300 | |a 264 p | ||
| 942 | |c BK | ||
| 945 | |d 19980829 00:00:00 |a aarredon | ||
| 260 | |a Montevideo |b IICA |c 1994 | ||
| 650 | 7 | |a ENSILAJE |2 CL-VaPUC |9 264452 | |
| 650 | 0 | |a Producción |9 263680 | |
| 650 | 7 | |a UTILIZACION |2 CL-VaPUC |9 411248 | |
| 650 | 0 | |a Fertilización |9 259681 | |
| 650 | 0 | |a Ecosistemas |9 261477 | |
| 650 | 7 | |a FORRAJE |2 CL-VaPUC |9 269525 | |
| 650 | 7 | |a PRADERAS |2 CL-VaPUC |9 264231 | |
| 583 | |a last modification |c 19980829 00:00:00 |k Rodrigo Vera | ||
| 490 | 0 | |a Diálogo, 40 | |
| 999 | |c 274482 |d 274480 | ||